000 01241pam a22003134a 4500
999 _c4077
_d4077
001 13808582
003 GBCCL
005 20241126110510.0
008 041207s2005 mnu 000 0 eng
010 _a 2004029179
020 _a0764200313 (pbk.)
035 _a(OCoLC)ocm57283739
040 _aDLC
_cDLC
_dIG#
_dDLC
042 _apcc
050 0 0 _aBV3793
_b.R28 2005
082 0 0 _a248.32
_222
_bRAV
100 1 _aRavenhill, Leonard.
_97833
245 1 0 _aRevival praying :
_b[an urgent and powerful message for the family of Christ] /
_cLeonard Ravenhill.
260 _aMinneapolis, Minn. :
_bBethany House Publishers,
_cc2005.
300 _a176 p. ;
_c21 cm.
520 _a"Prayer becomes "faith in action" in this enduring classic about how the prayers of a nation can lead to revival"--Provided by publisher.
650 0 _aRevivals.
_9344
650 0 _aIntercessory prayer
_xChristianity.
_94392
856 4 1 _3Table of contents
_uhttp://www.loc.gov/catdir/toc/ecip055/2004029179.html
906 _a7
_bcbc
_corignew
_d1
_eecip
_f20
_gy-gencatlg
942 _2ddc
_cBK
_01